Tear in My Heart - Twenty One Pilots Lyrics - Statistics

General Stats
  • This quiz has been taken 23 times
  • The average score is 215 of 303
Answer Stats
Lyrics % Correct
Verse 1 Sometimes
94%
a
88%
to
88%
alive
82%
and
82%
around
82%
But
82%
come
82%
fire
82%
fire
82%
heart,
82%
heart,
82%
heart,
82%
heart,
82%
heart,
82%
heart,
82%
I
82%
I
82%
I
82%
in
82%
in
82%
in
82%
in
82%
in
82%
in
82%
in
82%
in
82%
in
82%
it
82%
know
82%
my
82%
my
82%
my
82%
my
82%
my
82%
my
82%
my
82%
my
82%
my
82%
my
82%
my
82%
on
82%
on
82%
on
82%
Chorus She's
82%
She's
82%
She's
82%
Chorus She's
82%
She's
82%
She's
82%
so
82%
so
82%
takes
82%
tear
82%
tear
82%
tear
82%
tear
82%
tear
82%
tear
82%
the
82%
the
82%
the
82%
Verse 2 The
82%
the
82%
the
82%
the
82%
the
82%
the
82%
the
82%
the
82%
the
82%
to
82%
a
76%
a
76%
alive
76%
alive
76%
And
76%
are
76%
around
76%
bleed
76%
But
76%
But
76%
But
76%
come
76%
higher
76%
higher
76%
how
76%
how
76%
I
76%
I'm
76%
I'm
76%
I'm
76%
I'm
76%
I'm
76%
I'm
76%
is
76%
it
76%
me
76%
me
76%
my
76%
my
76%
okay
76%
okay,
76%
okay,
76%
radio
76%
show
76%
show
76%
take
76%
take
76%
takes
76%
That
76%
to
76%
to
76%
you
76%
you
76%
Bridge You
76%
you
76%
You
76%
you
76%
alive
71%
and
71%
and
71%
asleep
71%
asleep
71%
avoid
71%
avoid
71%
been
71%
been
71%
But
71%
car,
71%
car,
71%
cement
71%
cursing
71%
driving,
71%
drove
71%
drove
71%
ever
71%
ever
71%
face
71%
fell
71%
fell
71%
fill
71%
fine
71%
fine
71%
fire
71%
For
71%
gotta
71%
government
71%
have
71%
heart,
71%
heart,
71%
heart,
71%
here
71%
holes
71%
holes
71%
holes
71%
in
71%
in
71%
in
71%
it
71%
I've
71%
I've
71%
just
71%
just
71%
more
71%
music
71%
my
71%
my
71%
my
71%
not
71%
on
71%
Chorus She's
71%
She's
71%
She's
71%
sleep
71%
sleep
71%
Verse 3 Sometimes
71%
song
71%
songs
71%
soul
71%
takes
71%
taste
71%
taxes
71%
tear
71%
tear
71%
tear
71%
Than
71%
Than
71%
that's
71%
that's
71%
the
71%
the
71%
the
71%
time
71%
time
71%
To
71%
to
71%
to
71%
using
71%
whole
71%
whole
71%
with
71%
your
71%
you're
71%
a
65%
a
65%
a
65%
a
65%
a
65%
a
65%
alive
65%
and
65%
around
65%
bleed
65%
cement
65%
come
65%
cursing
65%
driving,
65%
fill
65%
For
65%
government
65%
heart
65%
heart,
65%
heart
65%
heart,
65%
here
65%
higher
65%
holes
65%
how
65%
I'll
65%
I'll
65%
I'm
65%
I'm
65%
in
65%
in
65%
know
65%
me
65%
more
65%
Outro My
65%
my
65%
my
65%
My
65%
my
65%
my
65%
not
65%
She's
65%
she's
65%
She's
65%
She's
65%
she's
65%
She's
65%
show
65%
someone
65%
take
65%
taxes
65%
tear
65%
tear
65%
That
65%
the
65%
the
65%
to
65%
using
65%
with
65%
you
65%
you've
65%
been
59%
ever
59%
gotta
59%
have
59%
is
59%
is
59%
I've
59%
me
59%
me
59%
soul
59%
Than
59%
you're
59%
armor
53%
armor
53%
been
53%
been
53%
butcher
53%
butcher
53%
ever
53%
ever
53%
I've
53%
I've
53%
smile,
53%
smile,
53%
someone
53%
Than
53%
Than
53%
with
53%
with
53%
you've
53%
carver
47%
carver
47%
farther
47%
farther
47%
sit,
47%
cut
41%
cut
41%
sit,
41%
No matching quizzes found
Score Distribution
Percent of People with Each Score
Percentile by Number Answered
Your Score History
You have not taken this quiz